| 000 | 00997nam0a22002771 4500 | ||
|---|---|---|---|
| 001 | rc\3618095 | ||
| 005 | 20130115144046.9 | ||
| 021 |
_aRU _b[74-72621] |
||
| 035 | _a(NLR Aleph) 007819723 | ||
| 090 |
_a7739756 _c7739756 |
||
| 100 | _a20130115d1974 |||y0rusy50 ca | ||
| 101 | 0 | _arus | |
| 102 | _aRU | ||
| 105 | _aa z ||||| | ||
| 200 | 1 |
_aКрупнейший в мире телецентр _e[Телевиз. техн. центр им. 50-летия Октября в Останкино] |
|
| 210 |
_aМосква _cСвязь _d1974 |
||
| 215 |
_a88 с., 4 л. ил. _cсхем. _d20 |
||
| 320 | _aСписок лит.: с. 87 (9 назв.) | ||
| 606 |
_aТелевизионные центры _yМосква _2psbo |
||
| 700 | 1 |
_aМаксаков _bЛ. С. _gЛеонид Семенович |
|
| 701 | 1 |
_aМаковеев _bВ. Г. _gВладимир Григорьевич |
|
| 801 | 0 |
_aRU _bNLR _gpsbo |
|
| 801 | 1 |
_aRU _bELAR _2rusmarc |
|
| 852 |
_aNLR _j74-4/21312 |
||
| 942 | _cBOOK | ||
| 980 | _aNB | ||